000 01151nam a22003257a 4500
003 CHAP
005 20220329134324.0
008 971013s1970 r 00010 d
010 _a18717
011 _a19689
035 _a23774
040 _cCHAP
082 _a636.39
_bD4
100 0 0 _aDevendra, C.
_932305
245 _aGoat production in the tropic
260 _aEngland :
_bCommonwealth Agricultural Bureaux,
_c1970
300 _a184 p.
_b: láms.
490 _aCommonwealth Bureau of Animal Breeding and Genetics. Technical Communication
_v; 19
504 _aBibliografía, pp. 156-177
590 _aBATCH-UPD
_b10
_c20130110
_lUCH01
_h2103
590 _aBATCH-UPD
_b10
_c20130410
_lUCH01
_h1415
590 _aBATCH-UPD
_b10
_c20130914
_lUCH01
_h1506
590 _aCONVERSION
_b10
_c20130109
_lUCH01
_h1311
650 1 4 _aGanado cabrío.
_944988
830 0 _aCommonwealth Bureau of Animal Breeding and Genetics. Technical Communication
_v; 19
_925967
901 _aBK
942 _cLIBRO
949 _a636.39 D4
_bBC
_cLIBRO
_d33724000145686
_eLIBRO
_h29421
_i23774
_si
949 _a636.39 D4
_bBC
_cLIBRO
_d33724000145694
_eLIBRO
_fc.2
_h47691
_i23774
_si
999 _c18717
_d18717